000 01107cam a22003134a 4500
001 12662631
003 PILC
005 20150112093440.0
008 020130s2003 njua b 001 0 eng
010 _a 2002019111
020 _a9780071285506
040 _aDLC
_cDLC
_dDLC
042 _apcc
050 0 0 _aHD 30.25
_b.R397 2003
082 0 0 _aG 658.049
_bH55 2009
100 1 _aRender, Barry
_917779
245 1 0 _aQuantitative analysis for management /
_cBarry Render ... [et.al]
250 _a8th ed.
260 _aUpper Saddle River, N.J. :
_bPrentice Hall,
_c2009.
300 _a726 pages :
_billustration ;
_c26 cm.
504 _aIncludes bibliographical references and index.
650 0 _aDecision making
_xMathematical models.
_917828
650 0 _aManagement
_xStatistical methods.
_917829
700 1 _aStair, Ralph M.
_99326
700 1 _aHanna, Michael E.
_917782
906 _a7
_bcbc
_corignew
_d1
_eocip
_f20
_gy-gencatlg
942 _2lcc
_cBK
999 _c14695
_d14695